En un vuelo de estorninos : las maravillas de los sistemas complejos /
Gorde:
| Egile nagusia: | |
|---|---|
| Formatua: | Liburua |
| Hizkuntza: | gaztelania |
| Argitaratua: |
Barcelona, España :
Paidós,
2023, c2023
|
| Saila: | (Paidós Contextos) [s.n.]
|
| Gaiak: | |
| Etiketak: |
Etiketarik gabe, Izan zaitez lehena erregistro honi etiketa jartzen!
|
MARC
| LEADER | 00000nam^a2200000^a^4500 | ||
|---|---|---|---|
| 001 | 000569195 | ||
| 005 | 20250521000000.0 | ||
| 009 | 20260310132203.055 | ||
| 037 | |a Acervo ITESO - Biblioteca | ||
| 041 | |a ESP | ||
| 082 | |a 530. 1 |b PAR | ||
| 100 | |a Parisi, Giorgio |e (autor) | ||
| 245 | 1 | 0 | |a En un vuelo de estorninos : |b las maravillas de los sistemas complejos / |c G. Parisi ; tr. por Francisco J. Ramos Mena. |
| 264 | 4 | |a Barcelona, España : |b Paidós, |c 2023, c2023 | |
| 300 | |a 149 p. | ||
| 336 | |a texto |b txt |2 rdacontenido | ||
| 337 | |a sin mediación |b n |2 rdamedio | ||
| 338 | |a volumen |b nc |2 rdasoporte | ||
| 440 | 1 | |a (Paidós Contextos) [s.n.] | |
| 500 | |a Traducción de: In un volo di storni | ||
| 521 | |a Peticiones 2023 | ||
| 586 | |a Premio Nobel de Física 2021, ex aequo con Syukuro Manabe y Klaus Hasselmann | ||
| 649 | |a XX | ||
| 650 | |a Teoría de la Complejidad - |x Tema Principal | ||
| 650 | |a Teoría de Sistemas | ||
| 650 | |a Biología - |x Teoría | ||
| 650 | |a Física - |z Roma - |x Historia | ||
| 650 | |a Física - |x Teoría - |x Tema Principal | ||
| 650 | |a Ciencia - |x Difusión | ||
| 650 | |a Ciencia - |x Roma - |x Historia | ||
| 910 | |a Fondo General | ||
| 920 | |a Impresos - Libros | ||
| 930 | |a Colección General | ||
| 905 | |a 101 | ||
| 901 | |a 0500395111 |b IT1 |c ACC |i C182941 |u 20250521 | ||
| 902 | |a https://opac.biblio.iteso.mx/vufind/Record/000569195 | ||